| 000 | 00699nam a2200229 u 4500 | ||
|---|---|---|---|
| 005 | 20240831063800.0 | ||
| 008 | 140826s2009 r 000 0 eng d | ||
| 020 | _a9786074711806 | ||
| 035 | _aUPN01000199178 | ||
| 049 | _aI | ||
| 050 | 4 |
_aPZ78 _bA4.56 |
|
| 100 | 1 |
_aAleixandre, Marilar, _d1947- _933112 |
|
| 245 | 1 | 3 |
_aEl monstruo de la lluvia / _cMarilar Aleixandre ; il. Pablo Amargo. |
| 260 |
_aMéxico : _bSM, _c2009. |
||
| 300 |
_a[25] p. : _bil. col. |
||
| 440 | 0 |
_aEl barco de vapor. _pLos piratas ; _v12 |
|
| 650 | 4 |
_aCuentos infantiles españoles _97725 |
|
| 650 | 4 |
_aLIBROS Y LECTURA PARA NIÑOS - _zESPAÑA _92310 |
|
| 905 | _aInfantil | ||
| 999 |
_c171279 _d171279 |
||